• 首页
  • 本馆介绍
  • 公告通知
  • 最新文献
  • 馆藏检索
  • 电子资源
  • 读者导购
  • 参考咨询
  • 我的图书馆
  • 登录
  • 详细信息显示
  • 放入我的书架
  • 预约/预借图书
  • 作者相关作品
  • 分类相关作品
  • 丛书相关作品
  • 出版社相关作品

书目信息

  • 表格格式
  • 工作单格式
  • 卡片格式
题名:
当代文学概论
    
 
作者: 洪子城
分册:  
出版信息: 北京   北京大学出版社  1980
页数: 474页
开本: 20cm
丛书名:
单 册:
中图分类: I206.7 , I05
科图分类:
主题词: 文学理论--各体 , 创作方法--各体
电子资源:
ISBN:
000 00540nam0 2200205 450
001 1534124905
005 20150128130717.50
010    @dCNY1.40
100    @a20070819d km y0chiy0120 ea
101 0  @achi
200 1  @a当代文学概论@Adang dai wen xue gai lun@f洪子城@Fhong zi cheng
210    @a北京@c北京大学出版社@d1980
215    @a474页@d20cm
606 0  @a文学理论@x各体
606 0  @a创作方法@x各体
690    @aI206.7@v3
690    @aI05@v4
701  0 @a洪子城@Ahong zi cheng
801  0 @aCN@bPFT@c20070819
905    @aZUCC@dI05@eJY22
    
    当代文学概论/洪子城.-北京:北京大学出版社,1980
    474页;20cm
    
    
    ISBN :CNY1.40
    
●
相关链接 在E读中查询图书 在五车中查询图书 在当当中查询图书 在豆瓣中查询图书


正题名:当代文学概论     索取号:I05/JY22         预约/预借

序号 登录号 条形码 馆藏地/架位号 状态 备注
1 7842646   278426464   学院路分馆/ [索取号:I05/JY22] 在馆    
2 7842647   278426473   学院路分馆/ [索取号:I05/JY22] 在馆    
唐山师范学院图书馆 欢迎您!
大连网信软件有限公司© 版权所有